| 000 | 00363nam a2200157Ia 4500 | ||
|---|---|---|---|
| 008 | 230917s9999||||xx |||||||||||||| ||und|| | ||
| 020 | _cRS3.15 | ||
| 040 |
_e47765 _aMAIN |
||
| 041 | _aEnglish | ||
| 082 | _a853.9 M797G | ||
| 100 | _aMoravia, Alberto | ||
| 245 | 0 | _aGhost at noon | |
| 260 |
_aEngland _bPenguin Books _c1964 |
||
| 300 | _a206 p. | ||
| 942 | _cBK | ||
| 999 |
_c228894 _d228894 |
||